[Event "Titled Tuesday intern op 21st May Early"]
[Site "Chess.com INT"]
[Date "2024.05.21"]
[Round "1"]
[White "Malyovanyi, Yulian"]
[Black "Grozdanovic, Anastasia"]
[Result "1-0"]
[WhiteElo "2293"]
[BlackElo "2101"]
[PlyCount "39"]
[EventDate "2024.05.21"]
[EventType "swiss (blitz)"]
[EventRounds "11"]
[EventCountry "USA"]
[SourceTitle "CB22_2024"]
[SourceDate "2024.05.29"]
[SourceVersion "1"]
[SourceVersionDate "2024.05.29"]
[SourceQuality "1"]

1. e4 c5 2. Nf3 d6 3. Bb5+ Bd7 4. Bxd7+ Qxd7 5. c4 Nc6 6. Nc3 e6 7. 0-0 g6 8. d4 cxd4 9. Nxd4 Bg7 10. Ndb5 Rd8 11. Bf4 Ne5 12. Nxa7 Nxc4 13. Nab5 Ne5 14. Qd2 Ne7 15. Rfd1 Nc4 16. Qe2 d5 17. exd5 exd5 18. Rxd5 Qc6 19. Nc7+ Qxc7 20. Bxc7 1-0

[Event "POL-chT 2nd League"]
[Site "Jastrzebia Gora"]
[Date "2023.09.03"]
[Round "2.50"]
[White "Malyovanyi, Yulian"]
[Black "Dziewonski, Dariusz"]
[Result "1-0"]
[WhiteElo "2325"]
[BlackElo "2204"]
[PlyCount "38"]
[EventDate "2023.09.02"]
[EventType "team-swiss"]
[EventRounds "9"]
[EventCountry "POL"]
[SourceTitle "EXT 2024"]
[Source "ChessBase"]
[SourceDate "2023.10.10"]
[SourceVersion "1"]
[SourceVersionDate "2023.10.10"]
[SourceQuality "1"]
[WhiteTeam "Ostrow Wielkopolski"]
[BlackTeam "Myslenice MAT"]
[WhiteTeamCountry "POL"]
[BlackTeamCountry "POL"]

1. e4 e5 2. Bc4 Nf6 3. d3 c6 4. Nf3 d5 5. Bb3 Bd6 6. exd5 cxd5 7. 0-0 Be6 8. Re1 Nbd7 9. Bg5 Qc7 10. Nc3 a6 11. Bh4 0-0 12. Bg3 Rfe8 13. Ng5 Nc5 14. Nxe6 fxe6 15. Qe2 e4 16. Bxd6 Qxd6 17. dxe4 Nfxe4 18. Nxe4 Nxe4 19. c4 Nf6 1-0

[Event "Mariupol CC 50th Aniversary"]
[Site "Mariupol"]
[Date "2021.06.11"]
[Round "6"]
[White "Malyovanyi, Yulian"]
[Black "Grinev, Valeriy"]
[Result "1/2-1/2"]
[WhiteElo "2348"]
[BlackElo "2441"]
[PlyCount "31"]
[EventDate "2021.06.08"]
[EventType "swiss"]
[EventRounds "9"]
[EventCountry "UKR"]
[SourceTitle "CBM 203 Extra"]
[Source "ChessBase"]
[SourceDate "2021.09.30"]
[SourceVersion "1"]
[SourceVersionDate "2021.09.30"]
[SourceQuality "1"]

1. e4 c5 2. Nf3 e6 3. c3 Nf6 4. e5 Nd5 5. g3 Nc6 6. Bg2 d6 7. exd6 Bxd6 8. 0-0 0-0 9. d4 cxd4 10. Nxd4 Nxd4 11. Qxd4 Qc7 12. Nd2 Bc5 13. Qe4 Nf6 14. Qe2 Bd7 15. Nb3 Bc6 16. Nxc5 1/2-1/2

[Event "Mariupol CC 50th Aniversary"]
[Site "Mariupol"]
[Date "2021.06.10"]
[Round "4"]
[White "Malyovanyi, Yulian"]
[Black "Lymar, Vladislav"]
[Result "1-0"]
[WhiteElo "2348"]
[BlackElo "2264"]
[PlyCount "87"]
[EventDate "2021.06.08"]
[EventType "swiss"]
[EventRounds "9"]
[EventCountry "UKR"]
[SourceTitle "CBM 203 Extra"]
[Source "ChessBase"]
[SourceDate "2021.09.30"]
[SourceVersion "1"]
[SourceVersionDate "2021.09.30"]
[SourceQuality "1"]

1. e4 c5 2. Nf3 d6 3. Bb5+ Nd7 4. d4 cxd4 5. Qxd4 a6 6. Bxd7+ Bxd7 7. c4 Nf6 8. Nc3 e6 9. 0-0 Be7 10. a4 0-0 11. b3 Qa5 12. Bb2 Rfc8 13. Qd3 Bf8 14. Rfd1 Qh5 15. h3 Rab8 16. a5 b5 17. axb6 Rxb6 18. Ne2 Nxe4 19. Qxe4 Rxb3 20. Ng3 Qc5 21. Bd4 Qb4 22. Nd2 Ra3 23. Rxa3 Qxa3 24. Qb7 Qa4 25. Ra1 Qc6 26. Qxa6 Qxa6 27. Rxa6 e5 28. Bb2 Be6 29. Ba3 g6 30. Bxd6 Bxd6 31. Rxd6 Bxc4 32. Nxc4 Rxc4 33. f3 Rc7 34. Rd5 Re7 35. Kf2 Kg7 36. Ne4 h6 37. Ke3 f6 38. Rd6 f5 39. Nc5 Re8 40. Re6 Rxe6 41. Nxe6+ Kf6 42. Nc5 g5 43. g4 h5 44. Nd7+ 1-0

[Event "Titled Tuesday intern op 23rd Mar"]
[Site "Chess.com INT"]
[Date "2021.03.23"]
[Round "4"]
[White "Butti, Enrique"]
[Black "Malyovanyi, Yulian"]
[Result "0-1"]
[WhiteElo "2065"]
[BlackElo "2298"]
[PlyCount "94"]
[EventDate "2021.03.23"]
[EventType "swiss (blitz)"]
[EventRounds "11"]
[EventCountry "USA"]
[SourceTitle "CBM 201 Extra"]
[Source "ChessBase"]
[SourceDate "2021.05.31"]
[SourceVersion "1"]
[SourceVersionDate "2021.05.31"]
[SourceQuality "1"]

1. d4 d5 2. c4 Nc6 3. Nc3 dxc4 4. d5 Ne5 5. Nf3 Nxf3+ 6. exf3 e5 7. Bxc4 Bd6 8. 0-0 Ne7 9. f4 exf4 10. Qd4 0-0 11. Bxf4 Nf5 12. Qd2 Qh4 13. Bxd6 Nxd6 14. Bb3 Bf5 15. Rfe1 Rfe8 16. f3 a6 17. g3 Qf6 18. Qf4 g5 19. Qd2 h6 20. Ne2 Bg6 21. Nd4 Rxe1+ 22. Rxe1 Re8 23. Rxe8+ Nxe8 24. Qe3 Nd6 25. Qc3 Qe7 26. Kf2 Nb5 27. Nxb5 axb5 28. Qe3 Qf6 29. Qd2 Qe5 30. f4 gxf4 31. gxf4 Qh5 32. Kg3 Bf5 33. Qg2 Kf8 34. Kf2 Qh4+ 35. Qg3 Qf6 36. Qc3 Qh4+ 37. Qg3 Qh5 38. Kg1 Qe2 39. Qf2 Qg4+ 40. Kf1 Bd3+ 41. Ke1 b6 42. Bd1 Qf5 43. Bf3 Qxf4 44. Qg3 Qc1+ 45. Kf2 Qxb2+ 46. Ke3 Qc3 47. Qxc7 Qxc7 0-1

[Event "Cherkasy Konsalt"]
[Site "Cherkasy"]
[Date "2021.03.09"]
[Round "5"]
[White "Kushko, Dmitriy"]
[Black "Malyovanyi, Yulian"]
[Result "1/2-1/2"]
[WhiteElo "2285"]
[BlackElo "2298"]
[PlyCount "50"]
[EventDate "2021.03.06"]
[EventType "tourn"]
[EventRounds "9"]
[EventCountry "UKR"]
[EventCategory "2"]
[SourceTitle "EXT 2022"]
[Source "ChessBase"]
[SourceDate "2021.10.06"]
[SourceVersion "1"]
[SourceVersionDate "2021.10.06"]
[SourceQuality "1"]

1. Nf3 Nf6 2. g3 g6 3. Bg2 Bg7 4. c4 d6 5. d4 0-0 6. 0-0 Nbd7 7. Nc3 e5 8. e4 exd4 9. Nxd4 Re8 10. h3 a6 11. Be3 Rb8 12. b3 Ne5 13. a4 Bd7 14. Rb1 Qc8 15. Kh2 h5 16. Re1 c5 17. Nde2 h4 18. gxh4 Bxh3 19. Bxh3 Nf3+ 20. Kg2 Nxh4+ 21. Kh2 Nf3+ 22. Kg2 Nh4+ 23. Kh2 Nf3+ 24. Kg2 Nh4+ 25. Kh2 Nf3+ 1/2-1/2

[Event "Cherkasy Konsalt"]
[Site "Cherkasy"]
[Date "2021.03.08"]
[Round "4"]
[White "Malyovanyi, Yulian"]
[Black "Malakhatko, Vadim"]
[Result "0-1"]
[WhiteElo "2298"]
[BlackElo "2468"]
[PlyCount "116"]
[EventDate "2021.03.06"]
[EventType "tourn"]
[EventRounds "9"]
[EventCountry "UKR"]
[EventCategory "2"]
[SourceTitle "EXT 2022"]
[Source "ChessBase"]
[SourceDate "2021.10.06"]
[SourceVersion "1"]
[SourceVersionDate "2021.10.06"]
[SourceQuality "1"]

1. e4 c5 2. Nf3 e6 3. d4 cxd4 4. Nxd4 a6 5. Nc3 b5 6. g3 Bb7 7. Bg2 Nf6 8. a3 Bc5 9. 0-0 d6 10. Nb3 Bb6 11. Bf4 Bc7 12. Qe2 Nbd7 13. Rfd1 Qb8 14. a4 b4 15. Na2 a5 16. c3 e5 17. Bg5 Bc6 18. Bxf6 Nxf6 19. cxb4 Bxa4 20. Qc4 axb4 21. Nc3 bxc3 22. Rxa4 Rxa4 23. Qxa4+ Ke7 24. bxc3 Bb6 25. Bf3 Qc7 26. c4 Rb8 27. Rd3 g5 28. Kg2 g4 29. Be2 h5 30. f3 Rb7 31. h3 Nd7 32. Qa3 gxf3+ 33. Bxf3 Nf6 34. h4 Ra7 35. Qb4 Ra8 36. Rd1 Ra2+ 37. Rd2 Rxd2+ 38. Nxd2 Ba5 39. Qb2 Bxd2 40. Qxd2 Qxc4 41. Qg5 Qa2+ 42. Kh3 Qf2 43. Bxh5 Qf1+ 44. Kh2 Qd3 45. Qf5 Qxe4 46. Qxe4 Nxe4 47. Kg2 f5 48. Bd1 Nf6 49. Kf3 d5 50. Ke3 Kd6 51. Bc2 d4+ 52. Kf3 e4+ 53. Kf4 Nd5+ 54. Kxf5 d3 55. Bb1 d2 56. Bc2 Ne3+ 57. Kxe4 Nxc2 58. Kd3 d1Q+ 0-1

[Event "Cherkasy Konsalt"]
[Site "Cherkasy"]
[Date "2021.03.06"]
[Round "1"]
[White "Malyovanyi, Yulian"]
[Black "Kislinsky, Alexey"]
[Result "0-1"]
[WhiteElo "2298"]
[BlackElo "2463"]
[PlyCount "76"]
[EventDate "2021.03.06"]
[EventType "tourn"]
[EventRounds "9"]
[EventCountry "UKR"]
[EventCategory "2"]
[SourceTitle "EXT 2022"]
[Source "ChessBase"]
[SourceDate "2021.10.06"]
[SourceVersion "1"]
[SourceVersionDate "2021.10.06"]
[SourceQuality "1"]

1. e4 c5 2. Nf3 g6 3. c4 Bg7 4. d4 Qa5+ 5. Nc3 Nf6 6. Bd2 cxd4 7. Nxd4 Nc6 8. Nb3 Qd8 9. Be2 0-0 10. 0-0 d6 11. Be3 a5 12. Nd4 Nxd4 13. Bxd4 Bd7 14. Qd2 Bc6 15. f3 Nd7 16. Be3 Nc5 17. b3 e6 18. Rac1 Be5 19. Rfd1 Qe7 20. Bd4 Rad8 21. Qe3 Bxd4 22. Rxd4 e5 23. Rd2 Kh8 24. Rcd1 f5 25. exf5 gxf5 26. Nd5 Qg7 27. Bf1 Ne6 28. Nc3 Rg8 29. Kh1 Nd4 30. f4 Nf3 31. Rf2 exf4 32. Qxf4 Qxc3 33. gxf3 Rg4 34. Qxf5 Rdg8 35. Bd3 Qg7 36. Rff1 Rf4 37. Qh3 Rh4 38. Qxh4 Qg2# 0-1

[Event "Elitzur Int Online"]
[Site "Chess.com INT"]
[Date "2020.11.01"]
[Round "2"]
[White "Malyovanyi, Yulian"]
[Black "Piddubna, Bozhena"]
[Result "1-0"]
[WhiteElo "2279"]
[BlackElo "1532"]
[PlyCount "115"]
[EventDate "2020.11.01"]
[EventType "swiss (blitz)"]
[EventRounds "11"]
[EventCountry "ISR"]
[SourceTitle "CBM 199 Extra"]
[Source "ChessBase"]
[SourceDate "2021.01.31"]
[SourceVersion "1"]
[SourceVersionDate "2021.01.31"]
[SourceQuality "1"]

1. e4 e5 2. Bc4 Nf6 3. d3 Nc6 4. Nc3 Be7 5. f4 exf4 6. Bxf4 d6 7. Nf3 Bg4 8. 0-0 Nd4 9. Be3 Nxf3+ 10. gxf3 Bh3 11. Rf2 Nd7 12. d4 Bh4 13. Rd2 Qf6 14. Bf1 Bxf1 15. Qxf1 c6 16. Kh1 0-0 17. Qh3 Nb6 18. b3 Bg5 19. f4 Bxf4 20. Rf2 g5 21. Ne2 Qe6 22. Nxf4 gxf4 23. Rg1+ Kh8 24. Qxe6 fxe6 25. Rxf4 Nd7 26. Rh4 e5 27. Rh6 Rf6 28. dxe5 Rxh6 29. Bxh6 Rg8 30. exd6 Rxg1+ 31. Kxg1 Kg8 32. Kf2 Kf7 33. Bf4 Ke6 34. Ke3 b6 35. a3 h5 36. Kf3 Kf6 37. Kg3 Kg6 38. Kh4 a5 39. e5 Kf5 40. Bg3 b5 41. Kxh5 b4 42. axb4 axb4 43. Kh6 c5 44. Kg7 Nb6 45. h4 Ke6 46. h5 c4 47. h6 cxb3 48. cxb3 Nd7 49. h7 Nxe5 50. Bxe5 Kxe5 51. d7 Kd4 52. d8Q+ Kc3 53. Qd5 Kb2 54. h8Q Ka3 55. Qc4 Ka2 56. Qh2+ Kb1 57. Qcc2+ Ka1 58. Qb2# 1-0

[Event "Elitzur Int Online"]
[Site "Chess.com INT"]
[Date "2020.11.01"]
[Round "3"]
[White "Malyovanyi, Yulian"]
[Black "Zubov, Alexander"]
[Result "0-1"]
[WhiteElo "2279"]
[BlackElo "2589"]
[PlyCount "54"]
[EventDate "2020.11.01"]
[EventType "swiss (blitz)"]
[EventRounds "11"]
[EventCountry "ISR"]
[SourceTitle "CBM 199 Extra"]
[Source "ChessBase"]
[SourceDate "2021.01.31"]
[SourceVersion "1"]
[SourceVersionDate "2021.01.31"]
[SourceQuality "1"]

1. e4 c5 2. Nc3 e6 3. Nge2 a6 4. g3 b5 5. Bg2 Bb7 6. 0-0 Nc6 7. d4 cxd4 8. Nxd4 Nxd4 9. Qxd4 Ne7 10. Bf4 Nc6 11. Qd2 d6 12. a4 bxa4 13. Nxa4 Be7 14. Rfd1 Ne5 15. Qb4 Qc7 16. Qb6 Rc8 17. Qxc7 Rxc7 18. c3 g5 19. Be3 h5 20. Bd4 Rg8 21. h3 g4 22. Bxe5 gxh3 23. Bxd6 Bxd6 24. Rxd6 hxg2 25. Rad1 Rg4 26. e5 Rxa4 27. Rd7 Rxd7 0-1

[Event "Kiev Shystarev Memorial 1st"]
[Site "Kiev"]
[Date "2020.08.28"]
[Round "5"]
[White "Malakhatko, Vadim"]
[Black "Malyovanyi, Yulian"]
[Result "1-0"]
[WhiteElo "2488"]
[BlackElo "2311"]
[PlyCount "63"]
[EventDate "2020.08.25"]
[EventType "swiss"]
[EventRounds "9"]
[EventCountry "UKR"]
[SourceTitle "CBM 198 Extra"]
[Source "ChessBase"]
[SourceDate "2020.11.30"]
[SourceVersion "1"]
[SourceVersionDate "2020.11.30"]
[SourceQuality "1"]

1. d4 Nf6 2. c4 g6 3. Nc3 Bg7 4. e4 d6 5. Nf3 0-0 6. Be2 e5 7. 0-0 Nc6 8. d5 Ne7 9. b4 Nh5 10. Re1 a5 11. bxa5 f5 12. Nd2 Nf6 13. c5 Rxa5 14. cxd6 cxd6 15. a4 Bh6 16. Bb5 Ra8 17. Ra2 fxe4 18. Ndxe4 Nxe4 19. Nxe4 Bxc1 20. Qxc1 Nf5 21. Qa3 Bd7 22. Bxd7 Qxd7 23. Qb4 Kh8 24. Rb1 Rfc8 25. h3 Rc7 26. a5 Ra6 27. Rab2 Nd4 28. Qd2 Qf7 29. Qg5 Rxa5 30. Qd8+ Kg7 31. Nxd6 Rxd5 32. Qxc7 1-0

[Event "Kiev Shystarev Memorial 1st"]
[Site "Kiev"]
[Date "2020.08.27"]
[Round "3"]
[White "Tonkoshkura, Misha"]
[Black "Malyovanyi, Yulian"]
[Result "0-1"]
[WhiteElo "1621"]
[BlackElo "2311"]
[PlyCount "70"]
[EventDate "2020.08.25"]
[EventType "swiss"]
[EventRounds "9"]
[EventCountry "UKR"]
[SourceTitle "EXT 2022"]
[Source "ChessBase"]
[SourceDate "2021.10.06"]
[SourceVersion "1"]
[SourceVersionDate "2021.10.06"]
[SourceQuality "1"]

1. e4 c5 2. Nf3 d6 3. d4 cxd4 4. Nxd4 Nf6 5. Nc3 g6 6. Be3 Bg7 7. f3 a6 8. Qd2 h5 9. Bc4 Nbd7 10. 0-0-0 Ne5 11. Bb3 Bd7 12. h3 Bc6 13. Rhe1 Ned7 14. Kb1 Rc8 15. a3 Nc5 16. Ba2 Bd7 17. Bg5 e6 18. f4 Qc7 19. Nf3 Nh7 20. Bh4 Na4 21. Nxa4 Bxa4 22. Bb3 Bxb3 23. cxb3 0-0 24. f5 Nf6 25. Bg3 Rfd8 26. fxg6 fxg6 27. Rc1 Qb6 28. Rxc8 Rxc8 29. b4 Qc6 30. e5 Ne4 31. Rxe4 Qxe4+ 32. Ka1 Rc2 33. Qg5 Qc4 34. Nd2 Rc1+ 35. Nb1 Qc2 0-1